DFB-Pokal - Finaltorschützen seit 2010 - Statistiken

Allgemein
  • Dieses Quiz wurde 101 mal gespielt
    28 seit der letzten Aktualisierung
  • Das Durchschnittsergebnis liegt bei 44 aus 58
Antwortstatistiken
Saison Verein Torschütze % Korrekt
Borussia Dortmund Robert Lewandowski
100%
Borussia Dortmund Robert Lewandowski
100%
Borussia Dortmund Robert Lewandowski
100%
2017/18 FC Bayern München Robert Lewandowski
100%
2018/19 FC Bayern München Robert Lewandowski
100%
FC Bayern München Robert Lewandowski
100%
FC Bayern München Robert Lewandowski
100%
FC Bayern München Robert Lewandowski
100%
2016/17 Eintracht Frankfurt Ante Rebic
94%
Eintracht Frankfurt Ante Rebic
94%
Eintracht Frankfurt Ante Rebic
94%
2009/10 FC Bayern München Arjen Robben
94%
2011/12 FC Bayern München Arjen Robben
94%
2013/14 FC Bayern München Arjen Robben
94%
2010/11 FC Schalke 04 Julian Draxler
94%
VfL Wolfsburg Kevin De Bruyne
94%
VfB Stuttgart Nick Woltemade
94%
VfB Stuttgart Deniz Undav
89%
FC Bayern München Franck Ribery
89%
FC Bayern München Franck Ribery
89%
FC Bayern München Mario Gomez
89%
FC Bayern München Mario Gomez
89%
2014/15 Borussia Dortmund Pierre-Emerick Aubameyang
89%
Borussia Dortmund Pierre-Emerick Aubameyang
89%
FC Bayern München Thomas Müller
89%
FC Bayern München Thomas Müller
89%
VfL Wolfsburg Bas Dost
83%
Bayer 04 Leverkusen Kai Havertz
83%
2012/13 VfB Stuttgart Martin Harnik
83%
VfB Stuttgart Martin Harnik
83%
FC Bayern München Bastian Schweinsteiger
78%
RB Leipzig Christopher Nkunku
78%
2022/23 RB Leipzig Christopher Nkunku
78%
2023/24 Bayer 04 Leverkusen Granit Xhaka
78%
Borussia Dortmund Mats Hummels
78%
Eintracht Frankfurt Mijat Gacinovic
78%
Borussia Dortmund Erling Haaland
72%
Borussia Dortmund Erling Haaland
72%
FC Schalke 04 Klaas-Jan Huntelaar
72%
FC Schalke 04 Klaas-Jan Huntelaar
72%
Borussia Dortmund Jadon Sancho
67%
Borussia Dortmund Jadon Sancho
67%
Borussia Dortmund Ousmane Dembele
67%
FC Bayern München Serge Gnabry
67%
FC Bayern München Ivica Olic
61%
Borussia Dortmund Shinji Kagawa
61%
2020/21 RB Leipzig Dani Olmo
56%
FC Bayern München Kingsley Coman
56%
FC Schalke 04 Benedikt Höwedes
50%
VfB Stuttgart Enzo Millot
50%
VfB Stuttgart Enzo Millot
50%
2019/20 Bayer 04 Leverkusen Sven Bender
50%
FC Bayern München David Alaba
44%
VfL Wolfsburg Luiz Gustavo
44%
RB Leipzig Dominik Szoboszlai
33%
2021/22 SC Freiburg Maximilian Eggestein
28%
2024/25 DSC Arminia Bielefeld Julian Kania
22%
FC Schalke 04 Jose Manuel Jurado
17%
Keine übereinstimmenden Quizze gefunden
Verteilung der Resultate
Anzahl Personen mit jedem Resultat
Perzentil nach korrekt beantworteten Fragen
Ihre Resultats-Entwicklung
Sie haben dieses Quiz seit der letzten Aktualisierung nicht gespielt